[Event "World Chess Olympiad 2018"]
[Site "Batumi"]
[Date "2018.09.27"]
[Round "4"]
[Board "4"]
[WhiteFideId "8200173"]
[White "Hanoeman Suradj"]
[BlackFideId "7500564"]
[Black "Pietersz David"]
[Result "1-0"]
[LiveChessVersion "1.4.8"]
[BlackElo "1831"]
[WhiteElo "1996"]

1. d4 Nf6 2. c4 e6 3. Nc3 Bb4 4. f3 Bxc3+ 5. bxc3 d5 6. e3 c5 7. cxd5 exd5 8. Bd3
Qa5 9. Bd2 c4 10. Bc2 Nc6 11. Ne2 O-O 12. O-O Re8 13. Ng3 h5 14. e4 h4 15. e5 Nh7
16. Nf5 Bxf5 17. Bxf5 g6 18. Bc2 Qd8 19. f4 f5 20. exf6 Qxf6 21. f5 g5 22. Qf3
Rad8 23. Rae1 Re7 24. Rxe7 Nxe7 25. Re1 Rd6 26. Bc1 Ra6 27. a4 Qf7 28. Ba3 Nc8
29. Re5 Nf6 30. Qe3 Qh5 31. Re6 Ne4 32. Rxa6 bxa6 33. Bxe4 dxe4 34. Qxe4 Qd1+ 35.
Kf2 Qd2+ 36. Qe2 Qf4+ 37. Kg1 Nb6 38. Qe6+ Kh7 39. Qf7+ Kh8 40. Qe8+ Kh7 41. Qe7+
Kg8 42. f6 1-0

[Event "World Chess Olympiad 2018"]
[Site "Batumi"]
[Date "2018.09.27"]
[Round "4"]
[Board "1"]
[WhiteFideId "409014"]
[White "Kirby Peter J."]
[BlackFideId "9916148"]
[Black "Piyumantha M Sasith Nipun"]
[Result "0-1"]
[LiveChessVersion "1.4.8"]
[BlackElo "2139"]
[WhiteElo "1988"]

1. Nf3 {[%clk 1:30:57]} d5 {[%clk 1:30:15]} 2. d4 {[%clk 1:31:18]} c5
{[%clk 1:29:36]} 3. c4 {[%clk 1:27:44]} e6 {[%clk 1:26:41]} 4. cxd5
{[%clk 1:28:04]} exd5 {[%clk 1:27:02]} 5. g3 {[%clk 1:27:55]} Nf6
{[%clk 1:27:21]} 6. Bg2 {[%clk 1:28:15]} Be7 {[%clk 1:27:42]} 7. O-O
{[%clk 1:28:20]} Nc6 {[%clk 1:28:04]} 8. Nc3 {[%clk 1:26:28]} O-O
{[%clk 1:28:24]} 9. dxc5 {[%clk 1:26:38]} Bxc5 {[%clk 1:27:23]} 10. Na4
{[%clk 1:26:56]} Be7 {[%clk 1:26:44]} 11. Be3 {[%clk 1:25:42]} Bg4
{[%clk 1:25:38]} 12. Rc1 {[%clk 1:18:29]} Re8 {[%clk 1:19:02]} 13. Bc5
{[%clk 1:11:15]} Rc8 {[%clk 1:17:47]} 14. Re1 {[%clk 1:06:02]} Bxc5
{[%clk 1:06:48]} 15. Nxc5 {[%clk 1:03:48]} Ne4 {[%clk 1:06:16]} 16. Nb3
{[%clk 0:51:50]} Qb6 {[%clk 1:00:40]} 17. Nfd4 {[%clk 0:49:07]} Nxd4
{[%clk 0:53:01]} 18. Qxd4 {[%clk 0:49:08]} Rxc1 {[%clk 0:53:02]} 19. Rxc1
{[%clk 0:49:29]} Bxe2 {[%clk 0:51:59]} 20. Bxe4 {[%clk 0:44:57]} dxe4
{[%clk 0:51:55]} 21. Qxe4 {[%clk 0:42:30]} Bb5 {[%clk 0:48:29]} 22. Qd4
{[%clk 0:41:25]} Qh6 {[%clk 0:48:38]} 23. h4 {[%clk 0:36:51]} Bc6
{[%clk 0:48:53]} 24. Qg4 {[%clk 0:32:10]} Qxc1+ {[%clk 0:48:49]} 25. Nxc1
{[%clk 0:31:36]} Re1+ {[%clk 0:49:17]} 26. Kh2 {[%clk 0:31:38]} Rh1#
{[%clk 0:49:45]} 0-1

[Event "World Chess Olympiad 2018"]
[Site "Batumi"]
[Date "2018.09.27"]
[Round "4"]
[Board "2"]
[WhiteFideId "9910760"]
[White "Doluweera Minul Sanjula"]
[BlackFideId "10700099"]
[Black "Rowe Peter"]
[Result "1-0"]
[LiveChessVersion "1.4.8"]
[BlackElo "1951"]
[WhiteElo "2171"]

1. d4 {[%clk 1:30:55]} d6 {[%clk 1:30:40]} 2. e4 {[%clk 1:31:18]} Nf6
{[%clk 1:30:55]} 3. Nc3 {[%clk 1:31:42]} e5 {[%clk 1:31:05]} 4. Nf3
{[%clk 1:31:18]} Nbd7 {[%clk 1:30:48]} 5. g4 {[%clk 1:31:36]} h6 {[%clk 1:29:53]}
6. g5 {[%clk 1:29:14]} hxg5 {[%clk 1:30:01]} 7. Nxg5 {[%clk 1:29:37]} exd4
{[%clk 1:22:13]} 8. Qxd4 {[%clk 1:29:59]} c5 {[%clk 1:17:41]} 9. Qa4
{[%clk 1:10:24]} Be7 {[%clk 1:14:35]} 10. Rg1 {[%clk 1:03:09]} O-O
{[%clk 0:50:46]} 11. Bf4 {[%clk 0:55:50]} Nh5 {[%clk 0:38:37]} 12. Bd2
{[%clk 0:50:59]} Ne5 {[%clk 0:30:50]} 13. Be2 {[%clk 0:45:40]} Nf6
{[%clk 0:30:15]} 14. Qa3 {[%clk 0:30:12]} Nfg4 {[%clk 0:26:59]} 15. h4
{[%clk 0:29:25]} c4 {[%clk 0:17:45]} 16. Nd5 {[%clk 0:27:44]} f6 {[%clk 0:15:27]}
17. Nf3 {[%clk 0:22:22]} f5 {[%clk 0:14:57]} 18. Nxe5 {[%clk 0:19:03]} Nxe5
{[%clk 0:13:30]} 19. Qg3 {[%clk 0:18:01]} Bf6 {[%clk 0:10:12]} 20. Nxf6+
{[%clk 0:13:35]} Qxf6 {[%clk 0:10:34]} 21. f4 {[%clk 0:13:56]} Ng4
{[%clk 0:09:47]} 22. exf5 {[%clk 0:12:27]} Bxf5 {[%clk 0:06:51]} 23. O-O-O
{[%clk 0:09:08]} 1-0

[Event "World Chess Olympiad 2018"]
[Site "Batumi"]
[Date "2018.09.27"]
[Round "4"]
[Board "3"]
[WhiteFideId "10700234"]
[White "Brookfield Toby"]
[BlackFideId "9900993"]
[Black "Alahakoon Isuru"]
[Result "0-1"]
[LiveChessVersion "1.4.8"]
[BlackElo "2121"]
[WhiteElo "1873"]

1. e4 {[%clk 1:30:47]} c5 {[%clk 1:30:45]} 2. Nf3 {[%clk 1:30:52]} d6
{[%clk 1:31:09]} 3. d4 {[%clk 1:31:05]} cxd4 {[%clk 1:31:35]} 4. Nxd4
{[%clk 1:31:27]} Nf6 {[%clk 1:31:59]} 5. Nc3 {[%clk 1:31:51]} a6 {[%clk 1:32:26]}
6. f4 {[%clk 1:31:25]} g6 {[%clk 1:31:34]} 7. a4 {[%clk 1:26:11]} Bg7
{[%clk 1:31:17]} 8. Nf3 {[%clk 1:26:25]} O-O {[%clk 1:31:33]} 9. Bd3
{[%clk 1:26:34]} Qb6 {[%clk 1:28:32]} 10. a5 {[%clk 1:24:48]} Qd8
{[%clk 1:26:34]} 11. O-O {[%clk 1:24:16]} Nc6 {[%clk 1:26:56]} 12. Qe1
{[%clk 1:23:54]} Nxa5 {[%clk 1:17:17]} 13. f5 {[%clk 1:19:42]} Nc6
{[%clk 1:11:52]} 14. Qh4 {[%clk 1:19:47]} Ne5 {[%clk 0:58:17]} 15. Kh1
{[%clk 0:54:43]} Nxd3 {[%clk 0:45:52]} 16. cxd3 {[%clk 0:54:47]} gxf5
{[%clk 0:46:13]} 17. Bh6 {[%clk 0:52:06]} Bxh6 {[%clk 0:43:39]} 18. Qxh6
{[%clk 0:52:05]} Ng4 {[%clk 0:43:30]} 19. Qh5 {[%clk 0:46:43]} f6
{[%clk 0:41:06]} 20. Nd4 {[%clk 0:38:52]} fxe4 {[%clk 0:32:47]} 21. Rf4
{[%clk 0:31:07]} Ne5 {[%clk 0:28:15]} 22. Rh4 {[%clk 0:25:08]} Rf7
{[%clk 0:28:20]} 23. Rf1 {[%clk 0:22:01]} exd3 {[%clk 0:24:10]} 24. Ne4
{[%clk 0:19:39]} Rg7 {[%clk 0:21:38]} 25. Ng3 {[%clk 0:13:55]} Ng6
{[%clk 0:12:42]} 26. Re4 {[%clk 0:13:14]} d5 {[%clk 0:11:14]} 27. Re6
{[%clk 0:12:04]} Bxe6 {[%clk 0:08:54]} 28. Nxe6 {[%clk 0:12:32]} Qd7
{[%clk 0:07:41]} 29. Nxg7 {[%clk 0:12:05]} Kxg7 {[%clk 0:08:02]} 30. Qd1
{[%clk 0:07:15]} Ne5 {[%clk 0:07:16]} 31. Nf5+ {[%clk 0:06:08]} Kh8
{[%clk 0:07:16]} 32. Nd4 {[%clk 0:03:38]} Qg4 {[%clk 0:07:11]} 0-1

[Event "World Chess Olympiad 2018"]
[Site "Batumi"]
[Date "2018.09.27"]
[Round "4"]
[Board "4"]
[WhiteFideId "9901302"]
[White "Kavinda Akila"]
[BlackFideId "10700366"]
[Black "Nevska Gerda"]
[Result "1-0"]
[LiveChessVersion "1.4.8"]
[BlackElo "1819"]
[WhiteElo "2047"]

1. d4 {[%clk 1:30:56]} Nf6 {[%clk 1:30:26]} 2. c4 {[%clk 1:31:02]} g6
{[%clk 1:30:19]} 3. Nc3 {[%clk 1:31:26]} Bg7 {[%clk 1:30:13]} 4. e4
{[%clk 1:31:51]} d6 {[%clk 1:29:27]} 5. h3 {[%clk 1:32:15]} O-O {[%clk 1:28:45]}
6. Be3 {[%clk 1:32:27]} e5 {[%clk 1:25:02]} 7. d5 {[%clk 1:32:30]} Nh5
{[%clk 1:18:37]} 8. g3 {[%clk 1:15:40]} Na6 {[%clk 1:12:45]} 9. Be2
{[%clk 1:15:17]} Nf6 {[%clk 1:10:04]} 10. Nf3 {[%clk 1:13:59]} Nc5
{[%clk 1:01:29]} 11. Nd2 {[%clk 1:14:10]} a5 {[%clk 1:01:13]} 12. g4
{[%clk 1:14:14]} Bd7 {[%clk 0:48:59]} 13. f3 {[%clk 1:00:06]} Qc8
{[%clk 0:44:09]} 14. Qc2 {[%clk 0:50:02]} b6 {[%clk 0:40:22]} 15. Nf1
{[%clk 0:45:14]} h6 {[%clk 0:24:07]} 16. Ng3 {[%clk 0:42:00]} Kh7
{[%clk 0:22:29]} 17. O-O-O {[%clk 0:24:52]} a4 {[%clk 0:22:42]} 18. h4
{[%clk 0:25:07]} Ng8 {[%clk 0:22:49]} 19. h5 {[%clk 0:23:58]} g5 {[%clk 0:20:00]}
20. Kd2 {[%clk 0:21:07]} Ne7 {[%clk 0:19:02]} 21. Ke1 {[%clk 0:20:52]} Ra5
{[%clk 0:16:28]} 22. Kf2 {[%clk 0:20:44]} Qb8 {[%clk 0:14:40]} 23. Ra1
{[%clk 0:19:33]} Qa7 {[%clk 0:12:40]} 24. Nb5 {[%clk 0:16:17]} Qa6
{[%clk 0:06:08]} 25. Nxc7 {[%clk 0:15:31]} Qc8 {[%clk 0:06:37]} 26. Nb5
{[%clk 0:15:51]} Bxb5 {[%clk 0:07:05]} 27. cxb5 {[%clk 0:16:12]} Qd7
{[%clk 0:05:47]} 28. Qd2 {[%clk 0:09:45]} Rc8 {[%clk 0:05:24]} 29. Rac1
{[%clk 0:09:51]} Ra7 {[%clk 0:04:28]} 30. Rc4 {[%clk 0:08:33]} Ra5
{[%clk 0:02:06]} 31. Rc2 {[%clk 0:08:20]} Ra7 {[%clk 0:02:22]} 32. Rhc1
{[%clk 0:07:32]} a3 {[%clk 0:01:59]} 33. b4 {[%clk 0:06:56]} Na4 {[%clk 0:01:26]}
34. Rxc8 {[%clk 0:07:06]} Nxc8 {[%clk 0:01:50]} 35. Nf5 {[%clk 0:04:33]} Rc7
{[%clk 0:01:24]} 36. Rc6 {[%clk 0:04:48]} Bf8 {[%clk 0:01:46]} 37. Qc2
{[%clk 0:05:04]} Rxc6 {[%clk 0:00:53]} 38. bxc6 {[%clk 0:04:06]} Qa7
{[%clk 0:01:12]} 39. c7 {[%clk 0:03:33]} f6 {[%clk 0:00:54]} 40. Qc6
{[%clk 0:33:45]} 1-0

[Event "World Chess Olympiad 2018"]
[Site "Batumi"]
[Date "2018.09.27"]
[Round "4"]
[Board "1"]
[WhiteFideId "16301188"]
[White "Bai Adelard"]
[BlackFideId "19700261"]
[Black "Drayton Anthony"]
[Result "1-0"]
[LiveChessVersion "1.4.8"]
[BlackElo "2024"]
[WhiteElo "2111"]

1. d4 {[%clk 1:30:55]} d5 {[%clk 1:29:01]} 2. c4 {[%clk 1:31:08]} c6
{[%clk 1:29:26]} 3. cxd5 {[%clk 1:31:32]} cxd5 {[%clk 1:29:47]} 4. Bf4
{[%clk 1:31:52]} Nc6 {[%clk 1:30:04]} 5. Nc3 {[%clk 1:32:10]} Bf5
{[%clk 1:30:21]} 6. e3 {[%clk 1:32:24]} e6 {[%clk 1:30:38]} 7. Qb3
{[%clk 1:32:41]} Bb4 {[%clk 1:28:51]} 8. a3 {[%clk 1:31:55]} Bxc3+
{[%clk 1:26:49]} 9. bxc3 {[%clk 1:31:13]} Qa5 {[%clk 1:22:42]} 10. Nf3
{[%clk 1:29:51]} Nge7 {[%clk 1:21:58]} 11. Be2 {[%clk 1:29:39]} O-O
{[%clk 1:22:11]} 12. O-O {[%clk 1:29:24]} Qb6 {[%clk 1:15:21]} 13. Qxb6
{[%clk 1:29:04]} axb6 {[%clk 1:15:45]} 14. Nh4 {[%clk 1:29:21]} Ng6
{[%clk 1:13:36]} 15. Nxf5 {[%clk 1:29:28]} Nxf4 {[%clk 1:13:24]} 16. exf4
{[%clk 1:29:54]} exf5 {[%clk 1:13:41]} 17. Rfb1 {[%clk 1:29:49]} g6
{[%clk 1:12:18]} 18. Rxb6 {[%clk 1:29:42]} Rfe8 {[%clk 1:12:27]} 19. Bf3
{[%clk 1:29:24]} Rxa3 {[%clk 1:12:39]} 20. Rab1 {[%clk 1:26:36]} Re7
{[%clk 1:11:03]} 21. Bxd5 {[%clk 1:24:07]} Rxc3 {[%clk 1:11:19]} 22. g3
{[%clk 1:23:25]} Nxd4 {[%clk 1:10:50]} 23. h4 {[%clk 1:21:08]} h5
{[%clk 1:11:05]} 24. Rxg6+ {[%clk 1:21:32]} Kh7 {[%clk 1:10:35]} 25. Rgb6
{[%clk 1:20:45]} Rd3 {[%clk 1:08:49]} 26. Rxb7 {[%clk 1:16:52]} Rxb7
{[%clk 1:08:30]} 27. Bxb7 {[%clk 1:17:07]} Rb3 {[%clk 1:07:16]} 28. Rxb3
{[%clk 1:15:09]} Nxb3 {[%clk 1:07:44]} 29. Bd5 {[%clk 1:15:25]} Nc5
{[%clk 1:04:03]} 30. Bxf7 {[%clk 1:15:44]} Kh6 {[%clk 1:04:23]} 31. Kf1
{[%clk 1:15:18]} Ne4 {[%clk 1:03:52]} 32. Ke2 {[%clk 1:14:48]} Nd6
{[%clk 1:03:42]} 33. Bd5 {[%clk 1:15:06]} Kg6 {[%clk 1:02:52]} 34. Kd3
{[%clk 1:15:27]} Kf6 {[%clk 1:01:55]} 35. Kd4 {[%clk 1:15:38]} Nb5+
{[%clk 1:01:25]} 36. Kc5 {[%clk 1:15:51]} Nc7 {[%clk 0:59:10]} 37. Bf3
{[%clk 1:15:55]} Kg6 {[%clk 0:58:14]} 38. Kd6 {[%clk 1:16:11]} Ne8+
{[%clk 0:56:32]} 39. Ke5 {[%clk 1:16:30]} Nf6 {[%clk 0:56:43]} 40. Ke6
{[%clk 1:46:17]} Ng8 {[%clk 1:25:57]} 41. Bg2 {[%clk 1:46:36]} Nh6
{[%clk 1:20:50]} 42. Bh3 {[%clk 1:47:01]} Nf7 {[%clk 1:21:07]} 43. Bxf5+
{[%clk 1:47:22]} Kg7 {[%clk 1:21:22]} 44. Ke7 {[%clk 1:47:38]} Nh8
{[%clk 1:16:33]} 45. f3 {[%clk 1:47:43]} Nf7 {[%clk 1:13:34]} 46. Bd7
{[%clk 1:47:44]} 1-0

[Event "World Chess Olympiad 2018"]
[Site "Batumi"]
[Date "2018.09.27"]
[Round "4"]
[Board "2"]
[WhiteFideId "19700024"]
[White "Khan Taffin"]
[BlackFideId "3203824"]
[Black "Song Raymond"]
[Result "1/2-1/2"]
[LiveChessVersion "1.4.8"]
[BlackElo "2305"]
[WhiteElo "1900"]

1. e4 {[%clk 1:30:55]} c5 {[%clk 1:30:54]} 2. Nf3 {[%clk 1:31:19]} g6
{[%clk 1:30:46]} 3. c4 {[%clk 1:30:56]} Nc6 {[%clk 1:31:08]} 4. Nc3
{[%clk 1:31:15]} Bg7 {[%clk 1:31:29]} 5. d3 {[%clk 1:31:38]} d6 {[%clk 1:31:22]}
6. Bd2 {[%clk 1:31:49]} a6 {[%clk 1:31:00]} 7. Be2 {[%clk 1:31:59]} Rb8
{[%clk 1:29:34]} 8. Rb1 {[%clk 1:31:32]} b5 {[%clk 1:29:42]} 9. b3
{[%clk 1:31:31]} e6 {[%clk 1:29:08]} 10. Qc1 {[%clk 1:31:11]} h6 {[%clk 1:28:23]}
11. O-O {[%clk 1:30:45]} Nge7 {[%clk 1:28:42]} 12. Re1 {[%clk 1:30:41]} Kf8
{[%clk 1:27:29]} 13. a4 {[%clk 1:27:21]} bxa4 {[%clk 1:20:39]} 14. Nxa4
{[%clk 1:25:03]} Kg8 {[%clk 1:20:50]} 15. Bc3 {[%clk 1:25:11]} e5
{[%clk 1:20:39]} 16. Qd2 {[%clk 1:24:13]} Bd7 {[%clk 1:19:32]} 17. Bd1
{[%clk 1:23:37]} Nb4 {[%clk 1:19:39]} 18. Bxb4 {[%clk 1:23:28]} Rxb4
{[%clk 1:19:39]} 19. Nc3 {[%clk 1:23:49]} Kh7 {[%clk 1:19:40]} 20. Ra1
{[%clk 1:24:10]} Bc8 {[%clk 1:18:46]} 21. Na2 {[%clk 1:24:15]} Rb8
{[%clk 1:19:01]} 22. b4 {[%clk 1:24:13]} Qc7 {[%clk 1:17:26]} 23. bxc5
{[%clk 1:24:13]} Qxc5 {[%clk 1:17:28]} 24. Nc3 {[%clk 1:24:35]} Rf8
{[%clk 1:12:56]} 25. Nd5 {[%clk 1:22:30]} Nxd5 {[%clk 1:13:18]} 26. cxd5
{[%clk 1:22:52]} f5 {[%clk 1:08:42]} 27. Be2 {[%clk 1:21:48]} g5 {[%clk 1:04:28]}
28. Rec1 {[%clk 1:21:46]} Qa7 {[%clk 1:04:12]} 29. Bf1 {[%clk 1:21:59]} Rb7
{[%clk 0:57:00]} 30. Rc6 {[%clk 1:16:34]} Rbf7 {[%clk 0:56:54]} 31. Qe3
{[%clk 1:14:28]} Qe7 {[%clk 0:56:51]} 32. Rac1 {[%clk 1:14:18]} Bd7
{[%clk 0:56:51]} 33. Rxa6 {[%clk 1:12:27]} g4 {[%clk 0:56:16]} 34. Ne1
{[%clk 1:09:53]} h5 {[%clk 0:32:36]} 35. Rc2 {[%clk 1:09:08]} Rc8
{[%clk 0:23:03]} 36. Qb6 {[%clk 1:04:47]} Bf8 {[%clk 0:22:14]} 37. Ra7
{[%clk 1:02:42]} Rxc2 {[%clk 0:20:55]} 38. Nxc2 {[%clk 1:03:04]} Qf6
{[%clk 0:20:28]} 39. Ne1 {[%clk 0:58:50]} h4 {[%clk 0:19:10]} 40. Be2
{[%clk 1:26:15]} Bh6 {[%clk 0:46:50]} 41. Ra1 {[%clk 1:08:22]} Bd2
{[%clk 0:43:01]} 42. Nc2 {[%clk 1:07:10]} h3 {[%clk 0:35:56]} 43. g3
{[%clk 1:07:01]} f4 {[%clk 0:35:36]} 44. Rf1 {[%clk 1:05:53]} Kg7
{[%clk 0:24:48]} 45. Qb2 {[%clk 1:04:01]} Ba5 {[%clk 0:20:59]} 46. Na3
{[%clk 1:04:17]} Bd8 {[%clk 0:16:23]} 47. Nc4 {[%clk 1:04:24]} Be7
{[%clk 0:16:18]} 48. Qb6 {[%clk 1:02:36]} Qg6 {[%clk 0:16:05]} 49. Qb7
{[%clk 1:00:10]} Bf8 {[%clk 0:16:21]} 50. Qb6 {[%clk 0:59:42]} Kh6
{[%clk 0:16:36]} 51. Qd8 {[%clk 0:59:18]} Kg7 {[%clk 0:15:41]} 52. Rb1
{[%clk 0:56:00]} Qh6 {[%clk 0:15:02]} 53. Bd1 {[%clk 0:52:58]} Kg8
{[%clk 0:11:43]} 54. Be2 {[%clk 0:51:52]} fxg3 {[%clk 0:09:48]} 55. fxg3
{[%clk 0:52:08]} Bb5 {[%clk 0:10:04]} 56. Rf1 {[%clk 0:45:35]} Bxc4
{[%clk 0:07:58]} 57. Rxf7 {[%clk 0:45:49]} Kxf7 {[%clk 0:08:23]} 58. Qd7+
{[%clk 0:45:45]} Be7 {[%clk 0:08:37]} 59. Qf5+ {[%clk 0:45:26]} Ke8
{[%clk 0:08:59]} 60. dxc4 {[%clk 0:44:36]} Qc1+ {[%clk 0:09:26]} 61. Kf2
{[%clk 0:44:26]} Qh1 {[%clk 0:09:21]} 1/2-1/2

[Event "World Chess Olympiad 2018"]
[Site "Batumi"]
[Date "2018.09.27"]
[Round "4"]
[Board "3"]
[WhiteFideId "16300440"]
[White "Yang Ching Wei Austin"]
[BlackFideId "19700083"]
[Black "Nathoo Loris"]
[Result "1-0"]
[LiveChessVersion "1.4.8"]
[BlackElo "1665"]
[WhiteElo "2198"]

1. b3 {[%clk 1:30:57]} e5 {[%clk 1:28:38]} 2. Bb2 {[%clk 1:31:21]} Nc6
{[%clk 1:28:50]} 3. e3 {[%clk 1:31:46]} d5 {[%clk 1:27:55]} 4. Bb5
{[%clk 1:32:10]} Bd6 {[%clk 1:20:05]} 5. Nf3 {[%clk 1:32:31]} Qe7
{[%clk 1:16:59]} 6. c4 {[%clk 1:31:45]} a6 {[%clk 1:13:37]} 7. Bxc6+
{[%clk 1:32:03]} bxc6 {[%clk 1:13:37]} 8. c5 {[%clk 1:32:29]} Bxc5
{[%clk 1:13:03]} 9. Nxe5 {[%clk 1:32:51]} Nf6 {[%clk 1:05:08]} 10. Nxc6
{[%clk 1:29:39]} Qd6 {[%clk 1:02:37]} 11. Ne5 {[%clk 1:28:47]} O-O
{[%clk 1:00:19]} 12. d4 {[%clk 1:22:59]} Bb4+ {[%clk 0:56:55]} 13. Nc3
{[%clk 1:22:29]} Bf5 {[%clk 0:52:08]} 14. O-O {[%clk 1:22:30]} h6
{[%clk 0:42:55]} 15. Nd3 {[%clk 1:18:34]} Ba5 {[%clk 0:41:09]} 16. Rc1
{[%clk 1:17:21]} Ng4 {[%clk 0:37:06]} 17. g3 {[%clk 1:16:47]} h5 {[%clk 0:35:11]}
18. Nc5 {[%clk 0:54:17]} Nf6 {[%clk 0:30:01]} 19. Nb7 {[%clk 0:48:50]} Qb6
{[%clk 0:30:14]} 20. Nxa5 {[%clk 0:49:09]} Qxa5 {[%clk 0:30:32]} 21. Na4
{[%clk 0:49:18]} Qb5 {[%clk 0:24:14]} 22. f3 {[%clk 0:46:05]} Qd7
{[%clk 0:20:06]} 23. Qd2 {[%clk 0:45:11]} Rfe8 {[%clk 0:18:45]} 24. Rfe1
{[%clk 0:43:41]} Bh3 {[%clk 0:14:39]} 25. Qf2 {[%clk 0:42:56]} Qf5
{[%clk 0:10:06]} 26. Re2 {[%clk 0:40:44]} Qg5 {[%clk 0:07:40]} 27. Kh1
{[%clk 0:40:10]} Re6 {[%clk 0:06:01]} 28. Nc5 {[%clk 0:39:23]} Rc6
{[%clk 0:05:37]} 29. Nd3 {[%clk 0:39:06]} Rxc1+ {[%clk 0:05:33]} 30. Bxc1
{[%clk 0:39:29]} Bd7 {[%clk 0:04:17]} 31. e4 {[%clk 0:38:46]} Qg6
{[%clk 0:04:02]} 32. Ne5 {[%clk 0:38:30]} Qh7 {[%clk 0:04:11]} 33. Nxd7
{[%clk 0:37:20]} Nxd7 {[%clk 0:04:29]} 34. Kg2 {[%clk 0:32:23]} Nf6
{[%clk 0:04:07]} 35. Bg5 {[%clk 0:32:26]} Nd7 {[%clk 0:02:48]} 36. exd5
{[%clk 0:32:34]} Nb6 {[%clk 0:02:56]} 37. Qe1 {[%clk 0:30:58]} Qf5
{[%clk 0:01:57]} 38. Bd2 {[%clk 0:28:40]} Qd3 {[%clk 0:01:58]} 39. Re8+
{[%clk 0:28:49]} Kh7 {[%clk 0:01:12]} 40. Rxa8 {[%clk 0:59:12]} Nxa8
{[%clk 0:31:38]} 41. Qe4+ {[%clk 0:59:39]} Qxe4 {[%clk 0:30:20]} 42. fxe4
{[%clk 0:58:54]} Kg6 {[%clk 0:30:02]} 43. Ba5 {[%clk 0:59:05]} Kf6
{[%clk 0:30:16]} 44. Kf3 {[%clk 0:59:31]} g5 {[%clk 0:30:10]} 45. h3
{[%clk 0:59:55]} Ke7 {[%clk 0:29:32]} 46. e5 {[%clk 0:59:40]} f5 {[%clk 0:28:05]}
47. Bxc7 {[%clk 0:58:53]} Nxc7 {[%clk 0:26:16]} 48. d6+ {[%clk 0:58:35]} Kd7
{[%clk 0:26:42]} 49. dxc7 {[%clk 0:59:00]} Kxc7 {[%clk 0:27:00]} 50. d5
{[%clk 0:59:27]} a5 {[%clk 0:26:35]} 51. h4 {[%clk 0:59:46]} 1-0

[Event "World Chess Olympiad 2018"]
[Site "Batumi"]
[Date "2018.09.27"]
[Round "4"]
[Board "4"]
[WhiteFideId "19700130"]
[White "Corlette Glenford"]
[BlackFideId "16300416"]
[Black "Liu Yeh Yang"]
[Result "0-1"]
[LiveChessVersion "1.4.8"]
[BlackElo "1926"]
[WhiteElo "1653"]

1. e4 {[%clk 1:30:54]} c5 {[%clk 1:30:59]} 2. Nf3 {[%clk 1:31:18]} Nc6
{[%clk 1:31:25]} 3. d4 {[%clk 1:31:28]} cxd4 {[%clk 1:31:53]} 4. Nxd4
{[%clk 1:31:47]} Nf6 {[%clk 1:32:20]} 5. Nc3 {[%clk 1:32:02]} e5 {[%clk 1:32:46]}
6. Ndb5 {[%clk 1:29:30]} d6 {[%clk 1:33:14]} 7. Bg5 {[%clk 1:26:40]} a6
{[%clk 1:33:41]} 8. Bxf6 {[%clk 1:24:45]} gxf6 {[%clk 1:34:09]} 9. Na3
{[%clk 1:20:08]} b5 {[%clk 1:34:38]} 10. Nd5 {[%clk 1:18:19]} f5 {[%clk 1:35:01]}
11. Bd3 {[%clk 1:13:47]} Be6 {[%clk 1:35:29]} 12. O-O {[%clk 1:06:06]} Bg7
{[%clk 1:32:01]} 13. c3 {[%clk 0:59:31]} Bxd5 {[%clk 1:31:26]} 14. exd5
{[%clk 0:57:25]} Ne7 {[%clk 1:31:54]} 15. Bc2 {[%clk 0:50:34]} Qc8
{[%clk 1:32:02]} 16. Qh5 {[%clk 0:48:24]} e4 {[%clk 1:27:03]} 17. Rae1
{[%clk 0:40:49]} b4 {[%clk 1:26:06]} 18. Ba4+ {[%clk 0:37:46]} Kf8
{[%clk 1:26:34]} 19. Nb1 {[%clk 0:37:10]} Ng6 {[%clk 1:16:22]} 20. Bc6
{[%clk 0:36:13]} Rb8 {[%clk 1:16:18]} 21. f3 {[%clk 0:34:30]} bxc3
{[%clk 1:04:11]} 22. bxc3 {[%clk 0:31:07]} Rb2 {[%clk 0:56:21]} 23. fxe4
{[%clk 0:30:23]} f4 {[%clk 0:56:49]} 24. Rf2 {[%clk 0:22:53]} Rxf2
{[%clk 0:53:19]} 25. Kxf2 {[%clk 0:23:11]} Ne5 {[%clk 0:53:43]} 26. Kg1
{[%clk 0:19:42]} Rg8 {[%clk 0:49:09]} 27. Rf1 {[%clk 0:15:56]} Qb8
{[%clk 0:46:29]} 28. Nd2 {[%clk 0:15:19]} Qb2 {[%clk 0:46:37]} 29. Qf5
{[%clk 0:11:58]} Bh6 {[%clk 0:46:33]} 30. Rf2 {[%clk 0:07:29]} f3
{[%clk 0:45:41]} 31. Nxf3 {[%clk 0:03:23]} Be3 {[%clk 0:45:50]} 32. Ne1
{[%clk 0:02:45]} Qe2 {[%clk 0:42:20]} 33. Bd7 {[%clk 0:02:14]} Qxe1#
{[%clk 0:42:41]} 0-1

[Event "World Chess Olympiad 2018"]
[Site "Batumi"]
[Date "2018.09.27"]
[Round "4"]
[Board "1"]
[WhiteFideId "10002235"]
[White "Mdoe Yusuf"]
[BlackFideId "6201610"]
[Black "Kulpruethanon Thanadon"]
[Result "0-1"]
[LiveChessVersion "1.4.8"]
[BlackElo "2291"]
[WhiteElo "1771"]

1. d4 {[%clk 1:25:30]} d5 {[%clk 1:28:45]} 2. Nf3 {[%clk 1:25:51]} Nf6
{[%clk 1:29:09]} 3. e3 {[%clk 1:26:10]} g6 {[%clk 1:29:28]} 4. h3
{[%clk 1:26:21]} Bg7 {[%clk 1:29:41]} 5. Bd3 {[%clk 1:26:27]} O-O
{[%clk 1:29:56]} 6. O-O {[%clk 1:26:42]} c5 {[%clk 1:30:01]} 7. b3
{[%clk 1:26:56]} cxd4 {[%clk 1:28:51]} 8. exd4 {[%clk 1:27:11]} Nc6
{[%clk 1:28:30]} 9. a3 {[%clk 1:27:22]} Qc7 {[%clk 1:26:53]} 10. Bb2
{[%clk 1:26:17]} Nh5 {[%clk 1:25:32]} 11. Re1 {[%clk 1:23:03]} Nf4
{[%clk 1:25:16]} 12. Bf1 {[%clk 1:23:14]} Bf5 {[%clk 1:24:35]} 13. Nh4
{[%clk 1:20:46]} Bd7 {[%clk 1:22:47]} 14. Nf3 {[%clk 1:20:28]} Rac8
{[%clk 1:22:13]} 15. Nbd2 {[%clk 1:19:51]} Bf5 {[%clk 1:21:14]} 16. c4
{[%clk 1:17:12]} Rfd8 {[%clk 1:01:33]} 17. c5 {[%clk 1:16:14]} Ne6
{[%clk 1:00:55]} 18. g4 {[%clk 1:07:19]} Be4 {[%clk 1:01:06]} 19. Nxe4
{[%clk 1:06:42]} dxe4 {[%clk 1:01:21]} 20. Rxe4 {[%clk 1:05:37]} Nxc5
{[%clk 1:01:35]} 21. Re2 {[%clk 1:05:03]} Qf4 {[%clk 0:38:34]} 22. Rd2
{[%clk 1:04:45]} Ne6 {[%clk 0:38:26]} 23. d5 {[%clk 1:02:53]} Bxb2
{[%clk 0:36:36]} 24. Rxb2 {[%clk 1:03:07]} Ncd4 {[%clk 0:36:40]} 25. Nxd4
{[%clk 1:02:10]} Nxd4 {[%clk 0:36:58]} 26. Bg2 {[%clk 1:02:21]} Rc3
{[%clk 0:36:43]} 27. Qe1 {[%clk 1:00:20]} Rdc8 {[%clk 0:33:56]} 28. Rd1
{[%clk 0:55:54]} Nf3+ {[%clk 0:26:26]} 29. Bxf3 {[%clk 0:55:51]} Qxf3
{[%clk 0:26:43]} 30. Rbd2 {[%clk 0:52:50]} Qxh3 {[%clk 0:25:58]} 31. Qe4
{[%clk 0:45:42]} Rxb3 {[%clk 0:22:42]} 32. d6 {[%clk 0:44:13]} exd6
{[%clk 0:22:56]} 33. Rxd6 {[%clk 0:43:45]} Qh4 {[%clk 0:22:14]} 34. Rd7
{[%clk 0:41:56]} Rf8 {[%clk 0:22:10]} 35. Re7 {[%clk 0:30:21]} Rb2
{[%clk 0:21:21]} 36. Rf1 {[%clk 0:30:00]} Rb6 {[%clk 0:20:39]} 37. Kg2
{[%clk 0:28:17]} Qg5 {[%clk 0:19:02]} 38. Re1 {[%clk 0:25:46]} h5
{[%clk 0:18:12]} 39. f3 {[%clk 0:25:44]} hxg4 {[%clk 0:17:16]} 40. fxg4
{[%clk 0:49:07]} Rb2+ {[%clk 0:47:22]} 41. Kg3 {[%clk 0:47:52]} Qd2
{[%clk 0:46:14]} 42. Qe3 {[%clk 0:35:04]} Qh2+ {[%clk 0:45:25]} 43. Kf3
{[%clk 0:34:30]} Rb3 0-1